000 00784nam a22001937a 4500
003 OSt
005 20210628225112.0
008 201102b 1993 00| 0 eng d
040 _aDO-SdBNP
_bspa
_cBNPHU
082 _bM671h
100 _4Mir, Pedro,
_d1913-2000
_977098
245 0 0 _aHomenaje a Pedro Mir
246 0 0 _aHomenaje que le rinde la Universidad Autónoma de Santo Domingo al poeta Pedro Mir al cumplir sus 80 años
260 _aSanto Domingo :
_bUASD,
_c1993.
300 _a20 p. ;
_c22 cm.
500 _aLa Universidad Autónoma de Santo Domingo celebra los ochenta años del Poeta Nacional Pedro Mir Valentín: el consejo Universitario declara el día de hoy, de jubilo universitario.
710 _aUniversidad Autónoma de Santo Domingo
_976692
942 _2ddc
_cLBS1
999 _c49012
_d49012